[Event "Titled Tuesday intern op 25th Aug"]
[Site "Chess.com INT"]
[Date "2020.08.25"]
[Round "9"]
[White "Poeta, Caio Medeiros"]
[Black "Oberholzer, Francois"]
[Result "1-0"]
[WhiteElo "2088"]
[BlackElo "2056"]
[PlyCount "51"]
[EventDate "2020.08.25"]
[EventType "swiss (blitz)"]
[EventRounds "10"]
[EventCountry "USA"]
[SourceTitle "CBM 198 Extra"]
[Source "ChessBase"]
[SourceDate "2020.11.30"]
[SourceVersion "1"]
[SourceVersionDate "2020.11.30"]
[SourceQuality "1"]

1. d4 Nf6 2. c4 c5 3. Nf3 cxd4 4. Nxd4 e5 5. Nb5 d5 6. cxd5 Bc5 7. N5c3 0-0 8. g3 Qb6 9. e3 Bf5 10. Bg2 e4 11. Nd2 Re8 12. 0-0 Nbd7 13. b3 Bb4 14. Nc4 Qa6 15. Bb2 b5 16. Nd2 Bxc3 17. Bxc3 Nxd5 18. Bd4 Rac8 19. Qh5 Qg6 20. Qe2 a6 21. Rfc1 Ne5 22. Rxc8 Bxc8 23. Bxe4 Qd6 24. Rc1 Nc6 25. Qh5 f5 26. Qxe8+ 1-0

[Event "Titled Tuesday intern op 19th May"]
[Site "Chess.com INT"]
[Date "2020.05.19"]
[Round "9"]
[White "Oberholzer, Francois"]
[Black "Gatineau, Yovann"]
[Result "0-1"]
[WhiteElo "2056"]
[BlackElo "2423"]
[PlyCount "152"]
[EventDate "2020.05.19"]
[EventType "swiss (blitz)"]
[EventRounds "10"]
[EventCountry "USA"]
[SourceTitle "EXT 2021"]
[Source "ChessBase"]
[SourceDate "2020.10.23"]
[SourceVersion "1"]
[SourceVersionDate "2020.10.23"]
[SourceQuality "1"]

1. e4 c6 2. d4 g6 3. Nc3 Bg7 4. Nf3 d5 5. h3 Nf6 6. Bd3 dxe4 7. Nxe4 0-0 8. 0-0 Nbd7 9. c3 Nxe4 10. Bxe4 c5 11. Be3 cxd4 12. Nxd4 Nf6 13. Bf3 Nd5 14. Bg5 Nf6 15. Re1 h6 16. Bh4 Qb6 17. Qb3 Qxb3 18. axb3 e6 19. Nb5 Bd7 20. Nd6 Bc6 21. Bxc6 bxc6 22. b4 Nd5 23. Nc4 Rfc8 24. Bg3 c5 25. Nd6 Rc6 26. b5 Rb6 27. c4 Nb4 28. Rad1 Bxb2 29. Ne4 Bd4 30. Bf4 g5 31. Be3 Nc2 32. Bxd4 cxd4 33. Re2 Na3 34. Rxd4 Rc8 35. Nf6+ Kg7 36. Nd7 Rb7 37. Ne5 Rbc7 38. Ra2 Nb1 39. Ra6 Nc3 40. Nc6 Ne2+ 41. Kf1 Nxd4 42. Nxd4 Rxc4 43. Nc6 Rc1+ 44. Ke2 Rc2+ 45. Kd3 Rc5 46. Rxa7 Rxb5 47. Nd4 Rd5 48. Ke4 Rc4 49. Ke3 Rcxd4 50. f3 Rd3+ 51. Kf2 h5 52. Kg3 Kg6 53. Kh2 f5 54. Ra2 Kf6 55. Re2 h4 56. Ra2 Rd2 57. Ra3 Rd1 58. Re3 Rc1 59. Re2 Rdd1 60. g4 f4 61. Ra2 Rh1+ 62. Kg2 Rhg1+ 63. Kf2 Rgf1+ 64. Ke2 Rh1 65. Ra6 Rcd1 66. Rb6 Rhe1+ 67. Kf2 Re3 68. Rb5 Rd2+ 69. Kf1 Rxf3+ 70. Kg1 Rg3+ 71. Kh1 Rxh3+ 72. Kg1 Rg3+ 73. Kf1 Rxg4 74. Ke1 Rdg2 75. Kf1 h3 76. Ke1 h2 0-1

[Event "Titled Tuesday intern op 5th May"]
[Site "Chess.com INT"]
[Date "2020.05.05"]
[Round "1"]
[White "Oberholzer, Francois"]
[Black "Shuvalova, Polina"]
[Result "0-1"]
[WhiteElo "2056"]
[BlackElo "2454"]
[PlyCount "112"]
[EventDate "2020.05.05"]
[EventType "swiss (blitz)"]
[EventRounds "10"]
[EventCountry "USA"]
[SourceTitle "EXT 2021"]
[Source "ChessBase"]
[SourceDate "2020.10.23"]
[SourceVersion "1"]
[SourceVersionDate "2020.10.23"]
[SourceQuality "1"]

1. e4 e6 2. d4 d5 3. Nc3 Nf6 4. e5 Nfd7 5. f4 c5 6. Nf3 Nc6 7. Be3 a6 8. Qd2 b5 9. dxc5 Bxc5 10. a3 Qb6 11. Bf2 0-0 12. Bd3 Bxf2+ 13. Qxf2 Qxf2+ 14. Kxf2 f6 15. exf6 gxf6 16. f5 Nc5 17. Rhe1 d4 18. Ne4 Nxd3+ 19. cxd3 e5 20. Rac1 Ne7 21. g4 Nd5 22. Rc5 Nf4 23. Rd1 Bb7 24. Rc7 Nxd3+ 25. Rxd3 Bxe4 26. Rd1 Bd5 27. Rdc1 Bc4 28. a4 Rac8 29. Rxc8 Rxc8 30. Nd2 Rc6 31. axb5 axb5 32. b3 Bd5 33. Rxc6 Bxc6 34. b4 Bd5 35. Nb1 Kf7 36. Na3 Bc6 37. Ke2 Ke7 38. Nc2 Kd6 39. Ne1 e4 40. Ng2 Ke5 41. h3 Bd5 42. Ne1 Bc4+ 43. Kd2 e3+ 44. Kd1 Ke4 45. g5 fxg5 46. f6 d3 47. Ng2 Bb3+ 48. Ke1 d2+ 49. Kf1 d1Q+ 50. Ne1 Bc4+ 51. Kg1 Qxe1+ 52. Kh2 Qf2+ 53. Kh1 Qxf6 54. h4 Qf3+ 55. Kh2 Bf1 56. h5 Qg2# 0-1

[Event "Titled Tuesday intern op 28th Apr"]
[Site "Chess.com INT"]
[Date "2020.04.28"]
[Round "2"]
[White "Anton, Teodor"]
[Black "Oberholzer, Francois"]
[Result "0-1"]
[WhiteElo "2464"]
[BlackElo "2057"]
[PlyCount "72"]
[EventDate "2020.04.28"]
[EventType "swiss (blitz)"]
[EventRounds "10"]
[EventCountry "USA"]
[SourceTitle "EXT 2021"]
[Source "ChessBase"]
[SourceDate "2020.10.23"]
[SourceVersion "1"]
[SourceVersionDate "2020.10.23"]
[SourceQuality "1"]

1. d4 d5 2. c4 c6 3. Nf3 Nf6 4. Nc3 dxc4 5. e4 b5 6. e5 Nd5 7. Ne4 e6 8. Be2 Be7 9. 0-0 Nd7 10. Re1 Bb7 11. a4 a6 12. Bd2 0-0 13. Qc1 c5 14. Bg5 cxd4 15. Bxe7 Qxe7 16. Nd6 Nxe5 17. Nxb7 Nxf3+ 18. Bxf3 Qxb7 19. Re5 Qd7 20. h4 Rac8 21. axb5 axb5 22. h5 Nb4 23. Re2 d3 24. Re3 Nc2 25. h6 Nxa1 26. hxg7 Rfd8 27. Qxa1 d2 28. Qd1 Qd4 29. Be4 f5 30. Bf3 Qxb2 31. Qf1 Qc1 32. Bd1 c3 33. Rxe6 c2 34. Qxb5 Qxd1+ 35. Kh2 Qh5+ 36. Kg3 Qg4+ 0-1

[Event "Titled Tuesday intern op 28th Apr"]
[Site "Chess.com INT"]
[Date "2020.04.28"]
[Round "5"]
[White "Gschnitzer, Adrian"]
[Black "Oberholzer, Francois"]
[Result "1-0"]
[WhiteElo "2404"]
[BlackElo "2057"]
[PlyCount "81"]
[EventDate "2020.04.28"]
[EventType "swiss (blitz)"]
[EventRounds "10"]
[EventCountry "USA"]
[SourceTitle "EXT 2021"]
[Source "ChessBase"]
[SourceDate "2020.10.23"]
[SourceVersion "1"]
[SourceVersionDate "2020.10.23"]
[SourceQuality "1"]

1. c4 c5 2. Nf3 Nf6 3. Nc3 Nc6 4. d4 cxd4 5. Nxd4 e6 6. g3 Qb6 7. Ndb5 Ne5 8. Bf4 d6 9. c5 Qxc5 10. Bg2 Nfg4 11. 0-0 a6 12. h3 axb5 13. hxg4 Be7 14. Be3 Qb4 15. a3 Qxb2 16. Bd4 Qb3 17. Qxb3 0-0 18. Bxe5 dxe5 19. Nxb5 Bd7 20. Rfd1 Bc6 21. Bxc6 bxc6 22. Nc3 Rfb8 23. Qc4 h6 24. Qxc6 Rd8 25. Rxd8+ Rxd8 26. Rd1 Rxd1+ 27. Nxd1 Bxa3 28. Qa8+ Kh7 29. Qxa3 f6 30. Qe7 h5 31. Qxe6 h4 32. g5 fxg5 33. Qxe5 h3 34. g4 Kh6 35. Kh2 Kg6 36. Kxh3 Kh6 37. Ne3 Kg6 38. Qf5+ Kh6 39. Nd5 g6 40. Qf8+ Kh7 41. Nf6# 1-0

[Event "Titled Tuesday intern op 28th Apr"]
[Site "Chess.com INT"]
[Date "2020.04.28"]
[Round "3"]
[White "Oberholzer, Francois"]
[Black "Reimanis, Ritvars"]
[Result "0-1"]
[WhiteElo "2057"]
[BlackElo "2421"]
[PlyCount "110"]
[EventDate "2020.04.28"]
[EventType "swiss (blitz)"]
[EventRounds "10"]
[EventCountry "USA"]
[SourceTitle "EXT 2021"]
[Source "ChessBase"]
[SourceDate "2020.10.23"]
[SourceVersion "1"]
[SourceVersionDate "2020.10.23"]
[SourceQuality "1"]

1. e4 c5 2. Nf3 Nc6 3. Bb5 g6 4. c3 Nf6 5. e5 Nd5 6. 0-0 Bg7 7. Re1 0-0 8. d4 cxd4 9. cxd4 d6 10. Nc3 Nxc3 11. bxc3 dxe5 12. Bxc6 bxc6 13. Nxe5 c5 14. Ba3 cxd4 15. cxd4 Bb7 16. Qg4 Re8 17. Rad1 Qd5 18. Nf3 Bf6 19. Bc5 h5 20. Qf4 Bc6 21. h4 a5 22. a3 a4 23. Qg3 Qb3 24. Ne5 Qxg3 25. fxg3 Bd5 26. Nd3 Bb3 27. Rc1 Rad8 28. Ne5 Rd5 29. Nc6 e6 30. Rf1 Kg7 31. Rc3 Rf5 32. Rxf5 gxf5 33. Kf2 Rc8 34. Ne5 Rd8 35. Ke3 Bd5 36. Nf3 f4+ 37. gxf4 Bxf3 38. gxf3 Bxh4 39. Rc4 Ra8 40. Rb4 Bf6 41. d5 exd5 42. Bd4 h4 43. Bxf6+ Kxf6 44. Kd4 h3 45. Kxd5 h2 46. Rb1 Kf5 47. Rh1 Rd8+ 48. Kc4 Rd2 49. Kb4 Kxf4 50. Kxa4 Kxf3 51. Kb5 Kg2 52. Ra1 h1Q 53. Rxh1 Kxh1 54. a4 f5 55. a5 f4 0-1

[Event "Titled Tuesday intern op 2nd July"]
[Site "Chess.com INT"]
[Date "2019.07.02"]
[Round "1"]
[White "Oberholzer, Francois"]
[Black "Godzwon, Iwo"]
[Result "0-1"]
[WhiteElo "2077"]
[BlackElo "2285"]
[PlyCount "114"]
[EventDate "2019.07.02"]
[EventType "swiss (blitz)"]
[EventRounds "10"]
[EventCountry "USA"]
[SourceTitle "EXT 2021"]
[Source "ChessBase"]
[SourceDate "2020.10.23"]
[SourceVersion "1"]
[SourceVersionDate "2020.10.23"]
[SourceQuality "1"]

1. e4 c5 2. c3 d5 3. exd5 Qxd5 4. d4 Nc6 5. Nf3 Bg4 6. Nbd2 cxd4 7. Bc4 Qa5 8. Qb3 0-0-0 9. Bxf7 dxc3 10. bxc3 Nf6 11. 0-0 e5 12. Be6+ Bxe6 13. Qxe6+ Nd7 14. Nc4 Qxc3 15. Bb2 Qb4 16. Ba3 Qa4 17. Bxf8 Rhxf8 18. Rab1 Kb8 19. Nd6 Nb6 20. Nxe5 Nxe5 21. Qxe5 Qf4 22. Qxf4 Rxf4 23. Nb5 Rd2 24. Rfd1 Rfxf2 25. Rxd2 Rxd2 26. Rf1 a6 27. Rf8+ Nc8 28. Nc3 Rc2 29. Nd5 Rxa2 30. Rf7 Rd2 31. Nc3 Rc2 32. Nd5 Rc5 33. Ne3 Rc7 34. Rf8 a5 35. Nd5 Rc5 36. Nb6 Rc6 37. Nd7+ Ka7 38. Ne5 Rc7 39. Nd3 Nb6 40. Rf5 a4 41. Ra5+ Kb8 42. Ne5 Nc4 43. Nxc4 Rxc4 44. Kf2 b6 45. Rb5 Kb7 46. Ke3 Ka6 47. Rb2 b5 48. Kd3 Ka5 49. h3 a3 50. Rb1 Ka4 51. g4 Rc7 52. h4 b4 53. g5 b3 54. h5 a2 55. Rh1 b2 56. Rh4+ Ka3 57. g6 b1Q+ 0-1

[Event "Titled Tuesday intern op 5th March"]
[Site "Chess.com INT"]
[Date "2019.03.05"]
[Round "3"]
[White "Fluvia Poyatos, Jordi"]
[Black "Oberholzer, Francois"]
[Result "1-0"]
[WhiteElo "2463"]
[BlackElo "2077"]
[PlyCount "55"]
[EventDate "2019.03.05"]
[EventType "swiss (blitz)"]
[EventRounds "10"]
[EventCountry "USA"]
[SourceTitle "EXT 2021"]
[Source "ChessBase"]
[SourceDate "2020.10.23"]
[SourceVersion "1"]
[SourceVersionDate "2020.10.23"]
[SourceQuality "1"]

1. e4 c5 2. Nc3 a6 3. Nf3 e6 4. d4 cxd4 5. Nxd4 Qc7 6. Qf3 Nf6 7. Bg5 Be7 8. 0-0-0 Nc6 9. Nxc6 bxc6 10. Qg3 Qa5 11. e5 Nh5 12. Qh4 Bxg5+ 13. Qxg5 g6 14. Ne4 Qxa2 15. g4 Qa1+ 16. Kd2 Qa5+ 17. Kc1 Qa1+ 18. Kd2 Qa5+ 19. c3 Rb8 20. gxh5 Rxb2+ 21. Ke3 Qb6+ 22. Kf3 Qb3 23. Bd3 c5 24. Nd6+ Kf8 25. Qf6 Bb7+ 26. Kg3 Rxf2 27. Qxh8+ Ke7 28. Qe8# 1-0

[Event "Titled Tuesday intern op 1st May"]
[Site "Chess.com INT"]
[Date "2018.05.01"]
[Round "4"]
[White "Oberholzer, Francois"]
[Black "Mosesov, Danylo"]
[Result "1-0"]
[WhiteElo "2061"]
[BlackElo "2250"]
[PlyCount "79"]
[EventDate "2018.05.01"]
[EventType "swiss (blitz)"]
[EventRounds "10"]
[EventCountry "USA"]
[SourceTitle "EXT 2021"]
[Source "ChessBase"]
[SourceDate "2020.10.23"]
[SourceVersion "1"]
[SourceVersionDate "2020.10.23"]
[SourceQuality "1"]

1. e4 c5 2. c3 d5 3. exd5 Qxd5 4. d4 g6 5. Nf3 Bg7 6. Na3 cxd4 7. Bc4 Qe4+ 8. Be3 Nh6 9. cxd4 0-0 10. 0-0 Bg4 11. Be2 Nc6 12. h3 Bc8 13. Nb5 Nf5 14. Bd3 Nxe3 15. Bxe4 Nxd1 16. Rfxd1 Bd7 17. Rac1 Rfc8 18. b3 a6 19. Na3 b5 20. d5 Nb4 21. d6 Rxc1 22. Rxc1 Re8 23. Rc7 exd6 24. Rxd7 Rxe4 25. Rxd6 Bf8 26. Rd2 Bc5 27. Nb1 h6 28. Nc3 Re6 29. a3 Nc6 30. b4 Be7 31. Nd5 Kg7 32. Nc7 Rf6 33. Nxa6 Nd8 34. Nc7 Rb6 35. Nd5 Re6 36. Nxe7 Rxe7 37. Rxd8 Ra7 38. Rd3 g5 39. Nd4 Kf6 40. Nxb5 1-0

[Event "Pretoria Capablanca IM"]
[Site "Pretoria"]
[Date "2018.04.30"]
[Round "8"]
[White "Pon, Matt"]
[Black "Oberholzer, Francois"]
[Result "1/2-1/2"]
[WhiteElo "2177"]
[BlackElo "2061"]
[PlyCount "52"]
[EventDate "2018.04.27"]
[EventType "tourn"]
[EventRounds "9"]
[EventCountry "RSA"]
[SourceTitle "CBM 184 Extra"]
[Source "ChessBase"]
[SourceDate "2018.06.28"]
[SourceVersion "1"]
[SourceVersionDate "2018.06.28"]
[SourceQuality "1"]

1. e4 e5 2. Nf3 Nc6 3. Bb5 a6 4. Ba4 Nf6 5. d3 b5 6. Bb3 Be7 7. 0-0 d6 8. c3 0-0 9. Nbd2 Na5 10. Bc2 c5 11. a4 Rb8 12. Re1 Nc6 13. Nf1 Re8 14. Ng3 Bf8 15. h3 h6 16. Nh2 d5 17. axb5 axb5 18. Bb3 dxe4 19. dxe4 Qxd1 20. Rxd1 c4 21. Bc2 Bc5 22. Nhf1 Bb7 23. Be3 Bxe3 24. Nxe3 Rbd8 25. Kf1 Rxd1+ 26. Rxd1 Rd8 1/2-1/2

[Event "Titled Tuesday intern op 17th April"]
[Site "Chess.com INT"]
[Date "2018.04.17"]
[Round "1"]
[White "Wiewiora, Eneasz"]
[Black "Oberholzer, Francois"]
[Result "1-0"]
[WhiteElo "2325"]
[BlackElo "2043"]
[PlyCount "125"]
[EventDate "2018.04.17"]
[EventType "swiss (blitz)"]
[EventRounds "10"]
[EventCountry "USA"]
[SourceTitle "EXT 2021"]
[Source "ChessBase"]
[SourceDate "2020.10.23"]
[SourceVersion "1"]
[SourceVersionDate "2020.10.23"]
[SourceQuality "1"]

1. e4 c5 2. c3 Nf6 3. e5 Nd5 4. d4 cxd4 5. Nf3 d6 6. cxd4 Nc6 7. Bc4 e6 8. 0-0 Be7 9. a3 0-0 10. Qe2 b6 11. Rd1 Bb7 12. Bd3 Rc8 13. Qe4 g6 14. Bh6 Re8 15. Nbd2 Na5 16. Qg4 dxe5 17. Nxe5 Nf6 18. Qf4 Nc6 19. Ndf3 Bd6 20. Bg5 Be7 21. Bb5 a6 22. Nxc6 Bxc6 23. Bxa6 Ra8 24. Be2 Nd5 25. Qh4 Bxg5 26. Nxg5 h5 27. Rac1 Rc8 28. Bxh5 gxh5 29. Qxh5 Qf6 30. Qh7+ Kf8 31. Ne4 Qg6 32. Qxg6 fxg6 33. Nd6 Nf4 34. Rd2 Red8 35. Nxc8 Rxc8 36. Rdc2 Rd8 37. Rxc6 Ne2+ 38. Kf1 Nxc1 39. Rxc1 Rxd4 40. Ke2 Ke7 41. Rc3 Rd5 42. Rd3 Rb5 43. b4 Kf6 44. f4 Kf5 45. Kf3 g5 46. g4+ Kf6 47. Rd6 gxf4 48. Kxf4 Re5 49. Rxb6 Re2 50. h4 Ra2 51. Ra6 Rf2+ 52. Kg3 Ra2 53. b5 Kf7 54. g5 e5 55. h5 Rb2 56. a4 Rb1 57. h6 Rg1+ 58. Kf3 Rxg5 59. Ke4 Rh5 60. h7 Ke8 61. h8Q+ Rxh8 62. Ra8+ Kd7 63. Rxh8 1-0

[Event "Titled Tuesday intern op 3rd Oct"]
[Site "Chess.com INT"]
[Date "2017.10.03"]
[Round "3"]
[White "Oberholzer, Francois"]
[Black "Beukes, Dante M"]
[Result "1-0"]
[WhiteElo "2045"]
[BlackElo "1778"]
[PlyCount "47"]
[EventDate "2017.10.03"]
[EventType "swiss (blitz)"]
[EventRounds "10"]
[EventCountry "USA"]
[SourceTitle "EXT 2021"]
[Source "ChessBase"]
[SourceDate "2020.10.23"]
[SourceVersion "1"]
[SourceVersionDate "2020.10.23"]
[SourceQuality "1"]

1. e4 c5 2. c3 Nf6 3. e5 Nd5 4. Nf3 Nc6 5. Bc4 e6 6. d4 cxd4 7. cxd4 d6 8. 0-0 Be7 9. Qe2 0-0 10. Nc3 Nb6 11. Bd3 d5 12. a3 f6 13. Rd1 fxe5 14. dxe5 a6 15. Qc2 g6 16. Bxg6 hxg6 17. Qxg6+ Kh8 18. Qh6+ Kg8 19. Qg6+ Kh8 20. Ng5 Bxg5 21. Bxg5 Qe8 22. Bf6+ Rxf6 23. Qxf6+ Kg8 24. Rd3 1-0

[Event "Titled Tuesday intern op 3rd Oct"]
[Site "Chess.com INT"]
[Date "2017.10.03"]
[Round "5"]
[White "Suarez, Juan"]
[Black "Oberholzer, Francois"]
[Result "1-0"]
[WhiteElo "2061"]
[BlackElo "2045"]
[PlyCount "71"]
[EventDate "2017.10.03"]
[EventType "swiss (blitz)"]
[EventRounds "10"]
[EventCountry "USA"]
[SourceTitle "EXT 2021"]
[Source "ChessBase"]
[SourceDate "2020.10.23"]
[SourceVersion "1"]
[SourceVersionDate "2020.10.23"]
[SourceQuality "1"]

1. d4 Nf6 2. c4 c5 3. d5 b5 4. cxb5 a6 5. bxa6 g6 6. Nc3 Bxa6 7. e4 Qa5 8. Bd2 d6 9. g3 Bg7 10. Nf3 0-0 11. Qc2 Nbd7 12. Nb5 Qb6 13. a4 c4 14. Nbd4 Rfb8 15. Bc3 Nc5 16. a5 Qc7 17. Be2 Nfxe4 18. 0-0 Nxc3 19. bxc3 Nb3 20. Ra2 Nxd4 21. Nxd4 Bxd4 22. cxd4 Rb5 23. Qxc4 Qxc4 24. Bxc4 Rb4 25. Bxa6 Rxa6 26. Re1 Kf8 27. Rc1 Rb5 28. Rc8+ Kg7 29. Rc7 Kf6 30. Re2 e6 31. dxe6 fxe6 32. Rxh7 Raxa5 33. Kg2 Rb4 34. Re4 Raa4 35. Rf4+ Kg5 36. h4# 1-0

[Event "Titled Tuesday intern op 5th Sept"]
[Site "Chess.com INT"]
[Date "2017.09.05"]
[Round "1"]
[White "Oberholzer, Francois"]
[Black "Riff, Jean Noel"]
[Result "0-1"]
[WhiteElo "2045"]
[BlackElo "2506"]
[PlyCount "108"]
[EventDate "2017.09.05"]
[EventType "swiss (blitz)"]
[EventRounds "10"]
[EventCountry "USA"]
[SourceTitle "EXT 2021"]
[Source "ChessBase"]
[SourceDate "2020.10.23"]
[SourceVersion "1"]
[SourceVersionDate "2020.10.23"]
[SourceQuality "1"]

1. e4 e5 2. Nf3 Nc6 3. Bb5 a6 4. Ba4 Nf6 5. d3 b5 6. Bb3 Bc5 7. a4 b4 8. 0-0 0-0 9. Nbd2 d6 10. a5 Be6 11. Bc4 Qd7 12. b3 Nd4 13. Bb2 Bg4 14. Rb1 Nxf3+ 15. Nxf3 Kh8 16. c3 bxc3 17. Bxc3 Nh5 18. b4 Ba7 19. h3 Bxh3 20. gxh3 Qxh3 21. Nh2 Nf4 22. Qf3 Qxf3 23. Nxf3 Ne2+ 24. Kg2 Nxc3 25. Rbc1 Ne2 26. Rc2 Nf4+ 27. Kg3 f5 28. Ng5 h6 29. Nf7+ Kh7 30. Rh1 d5 31. Ng5+ Kg6 32. Bxd5 Nxd5 33. exd5 Kxg5 34. Rxc7 g6 35. Rc6 Rf6 36. Rc4 Bd4 37. f4+ exf4+ 38. Kf3 Be3 39. Rxf4 Bxf4 40. Rg1+ Bg3 41. Rxg3+ Kh4 42. Rg1 h5 43. Kf4 Kh3 44. Kf3 Kh2 45. Rg2+ Kh1 46. Rg3 Rd8 47. Rh3+ Kg1 48. Rg3+ Kf1 49. Rh3 Ke1 50. Ke3 Kd1 51. Kd4 Rfd6 52. Rh1+ Kc2 53. Rh2+ Kb3 54. Ke3 Rxd5 0-1

[Event "Titled Tuesday intern op 1st Aug"]
[Site "Chess.com INT"]
[Date "2017.08.01"]
[Round "5"]
[White "Oberholzer, Francois"]
[Black "Beukes, Dante M"]
[Result "1-0"]
[WhiteElo "2045"]
[BlackElo "1778"]
[PlyCount "47"]
[EventDate "2017.08.01"]
[EventType "swiss (blitz)"]
[EventRounds "10"]
[EventCountry "USA"]
[SourceTitle "EXT 2021"]
[Source "ChessBase"]
[SourceDate "2020.10.23"]
[SourceVersion "1"]
[SourceVersionDate "2020.10.23"]
[SourceQuality "1"]

1. e4 c5 2. c3 Nf6 3. e5 Nd5 4. Nf3 Nc6 5. Bc4 Nc7 6. d4 cxd4 7. cxd4 e6 8. 0-0 d6 9. Qe2 Be7 10. Nc3 0-0 11. a3 d5 12. Bd3 Na5 13. Rb1 Nb3 14. Be3 b6 15. Qc2 Na5 16. Bxh7+ Kh8 17. Bd3 Ba6 18. Nd2 Rc8 19. f4 Nb5 20. Rf3 g6 21. Bxg6 Nxc3 22. Rh3+ Kg7 23. Rh7+ Kg8 24. Bxf7+ 1-0

[Event "Titled Tuesday intern op 1st Aug"]
[Site "Chess.com INT"]
[Date "2017.08.01"]
[Round "10"]
[White "Oberholzer, Francois"]
[Black "Preotu, Razvan"]
[Result "0-1"]
[WhiteElo "2045"]
[BlackElo "2501"]
[PlyCount "72"]
[EventDate "2017.08.01"]
[EventType "swiss (blitz)"]
[EventRounds "10"]
[EventCountry "USA"]
[SourceTitle "EXT 2021"]
[Source "ChessBase"]
[SourceDate "2020.10.23"]
[SourceVersion "1"]
[SourceVersionDate "2020.10.23"]
[SourceQuality "1"]

1. e4 c5 2. c3 d5 3. exd5 Qxd5 4. d4 Nc6 5. Nf3 Bf5 6. Be2 cxd4 7. cxd4 Bxb1 8. Rxb1 Nf6 9. 0-0 e6 10. b3 Bd6 11. Be3 0-0 12. Bc4 Qh5 13. h3 Nd5 14. Nd2 Qxd1 15. Rfxd1 Nc3 16. Rbc1 Nxd1 17. Rxd1 Ne7 18. Ne4 Bb4 19. Bc1 Nd5 20. Bb2 Rfd8 21. a3 Be7 22. Kf1 Rac8 23. Ke2 a6 24. g3 b5 25. Bd3 f5 26. Nd2 Nc3+ 27. Bxc3 Rxc3 28. a4 Rxd4 29. Nf3 Rb4 30. axb5 axb5 31. Ne5 Bf6 32. Nd7 Rbxb3 33. Bb1 Kf7 34. Kf1 Rb2 35. Nb6 Rf3 36. Rd7+ Ke8 0-1

[Event "Titled Tuesday intern op 4th July"]
[Site "Chess.com INT"]
[Date "2017.07.04"]
[Round "6"]
[White "Oberholzer, Francois"]
[Black "Mejia, Cherry Ann"]
[Result "1/2-1/2"]
[WhiteElo "2046"]
[BlackElo "2246"]
[PlyCount "166"]
[EventDate "2017.07.04"]
[EventType "swiss (blitz)"]
[EventRounds "10"]
[EventCountry "USA"]
[SourceTitle "EXT 2021"]
[Source "ChessBase"]
[SourceDate "2020.10.23"]
[SourceVersion "1"]
[SourceVersionDate "2020.10.23"]
[SourceQuality "1"]

1. e4 c5 2. b3 Nc6 3. Bb2 e5 4. Bb5 d6 5. Ne2 Bd7 6. 0-0 g6 7. c3 Bg7 8. d4 Nge7 9. dxc5 dxc5 10. c4 0-0 11. Bxc6 Bxc6 12. f3 f5 13. exf5 Nxf5 14. Qxd8 Raxd8 15. Nbc3 Rd2 16. Bc1 Rd3 17. Ne4 Bxe4 18. fxe4 Nd4 19. Nxd4 exd4 20. Rxf8+ Kxf8 21. Bf4 Ke7 22. Kf1 Ke6 23. Ke2 Rc3 24. Bd2 Rc2 25. Kd3 Rb2 26. g3 a6 27. h3 b5 28. Bf4 bxc4+ 29. bxc4 h6 30. Bd2 h5 31. a4 Rb3+ 32. Ke2 Rxg3 33. Rb1 Rg2+ 34. Kd3 Rg3+ 35. Ke2 d3+ 36. Kf2 h4 37. Rb6+ Kd7 38. Rb7+ Ke6 39. Rxg7 Rxh3 40. Rxg6+ Ke5 41. Rg5+ Kxe4 42. Rg4+ Ke5 43. Be3 Rh2+ 44. Kf1 d2 45. Bxd2 Rxd2 46. Rxh4 Rd4 47. Rh5+ Kd6 48. Rh6+ Kc7 49. Rxa6 Rxc4 50. Ke2 Kb7 51. Ra5 Kb6 52. Ra8 Kb7 53. Ra5 Kb6 54. Ra8 Rh4 55. Kd3 Kb7 56. Ra5 Kb6 57. Rb5+ Kc6 58. Ra5 Kb6 59. Ra8 Rh3+ 60. Kc4 Rh4+ 61. Kc3 Kb7 62. Ra5 Kb6 63. Rb5+ Kc6 64. Ra5 Kb6 65. Ra8 Kb7 66. Ra5 Kb6 67. Ra8 Kb7 68. Ra5 Kb6 69. Rb5+ Kc6 70. Ra5 Kd5 71. Ra8 Rh3+ 72. Kc2 Kc4 73. a5 Rh2+ 74. Kd1 Ra2 75. a6 Kc3 76. a7 c4 77. Ke1 Ra1+ 78. Ke2 Ra2+ 79. Kd1 Ra1+ 80. Ke2 Ra2+ 81. Kd1 Ra1+ 82. Ke2 Ra6 83. Kd1 Ra1+ 1/2-1/2

[Event "Titled Tuesday intern op 6th June"]
[Site "Chess.com INT"]
[Date "2017.06.06"]
[Round "3"]
[White "Oberholzer, Francois"]
[Black "Lopez Idarraga, Daniel Eduardo"]
[Result "0-1"]
[WhiteElo "2034"]
[BlackElo "2056"]
[PlyCount "84"]
[EventDate "2017.06.06"]
[EventType "swiss (blitz)"]
[EventRounds "10"]
[EventCountry "USA"]
[SourceTitle "EXT 2021"]
[Source "ChessBase"]
[SourceDate "2020.10.23"]
[SourceVersion "1"]
[SourceVersionDate "2020.10.23"]
[SourceQuality "1"]

1. e4 c5 2. c3 d5 3. exd5 Qxd5 4. d4 Nf6 5. Nf3 Bg4 6. Be2 e6 7. h3 Bh5 8. 0-0 Nc6 9. Be3 cxd4 10. cxd4 Be7 11. Nc3 Qd6 12. Qb3 Qb4 13. g4 Bg6 14. Rad1 Qxb3 15. axb3 Bc2 16. Ra1 Bxb3 17. Ne5 0-0 18. Nxc6 bxc6 19. Rfc1 a5 20. Na4 Bd5 21. Nb6 Ra7 22. Nxd5 cxd5 23. Bd2 Rfa8 24. Ra4 Ne4 25. Be1 g5 26. f3 Nd6 27. Rca1 Rb7 28. Bc3 Bd8 29. b4 Rc8 30. Bd2 Rc2 31. R4a2 Rxa2 32. Rxa2 a4 33. Rxa4 Bf6 34. Be3 Rc7 35. b5 Rc2 36. Bf1 Rb2 37. Ra8+ Kg7 38. Rb8 Nc4 39. Bxc4 dxc4 40. b6 c3 41. b7 c2 42. Bf2 c1Q+ 0-1